LEADER 01001nam a2200241 i 4500 001 000000251395 003 CaOOAMICUS 005 20161110000000.0 008 161110s1989 it u000 u eng u 013 $a230300 020 $a0-486-26019-4 040 $aSeMil$bita 100 1 $aRossini, Gioachino <1792-1868>.$0(OLS)http://semarc/name/7513 245 14$aThe barber of Seville :$bin fulle score /$cGioacchino Rossini. 260 $aNew York :$bDover Publications,$c1989. 300 $a1 partitura (432 p.) ;$c29 cm. 650 4$aRossini, Gioacchino <1792-1868> - Opere.$0(OLS)http://semarc/subject/43026 850 $aSeMil 852 $aSeMil$W1$xVenegono$y1$m3Q VI 91$j201741$B201741$CSeMilBibl$Z2$F214048 $81 961 $aOmaggio: Colombo don Alberto 996 $6020$a0-486-26019-4$9(OLS)http://semarc/number/262277 996 $6245$aThe barber of Seville :$bin fulle score$9(OLS)http://semarc/title/353606 996 $6260$aNew York :$bDover Publications$9(OLS)http://semarc/publisher/36227 LEADER 01100nam a2200217 i 4500 001 000000066000 003 CaOOAMICUS 005 20131119000000.0 008 131119s1964 xx u000 u eng u 013 $a37172 040 $aSeMil$bita 100 1 $aHayes, Zachary .$0(OLS)http://semarc/name/33151 245 14$aThe general doctrine of creation in the thirteenth century with special emphasis on Matthew of Aquasparta /$cby Zachary Hayes. 260 $aMünchen ; Paderborn ; Wien :$bFerdinand Schöningh,$c1964. 300 $axiv, 133 p. ;$c24 cm. 600 04$aMatteo : d'Acquasparta .$0(OLS)http://semarc/subject/4718 650 4$aCreazione - Teologia.$0(OLS)http://semarc/subject/2265 850 $aSeMil 852 $aSeMil$W1$xVenegono$y1$m2N II 115$j32153$B32153$CSeMilBibl$Z2$F32156 $81 996 $6245$aThe general doctrine of creation in the thirteenth century with special emphasis on Matthew of Aquasparta$9(OLS)http://semarc/title/104864 996 $6260$aMünchen ; Paderborn ; Wien :$bFerdinand Schöningh$9(OLS)http://semarc/publisher/34975